LEADER 01165nam 2200337Ia 450 001 996390552503316 005 20221108105614.0 035 $a(CKB)1000000000655528 035 $a(EEBO)2240980858 035 $a(OCoLC)12576936 035 $a(EXLCZ)991000000000655528 100 $a19850919d1699 uy | 101 0 $aeng 135 $aurbn||||a|bb| 200 10$aRemarks upon a late pamphlet entituled, A brief and full account of Mr. Tate's and Mr. Brady's New version of the Psalms$b[electronic resource] /$fby a Divine of the Church of England 210 $aLondon $cPrinted for William Keblewhite ...$d1699 215 $a[2], 25 p 300 $aReproduction of original in Bodleian Library. 330 $aeebo-0014 700 $aA. B$0790577 701 $aTate$b Nahum$f1652-1715.$0709613 701 $aBrady$b Nicholas$f1659-1726.$01002656 801 0$bEAA 801 1$bEAA 801 2$bm/c 801 2$bUMI 801 2$bWaOLN 906 $aBOOK 912 $a996390552503316 996 $aRemarks upon a late pamphlet entituled, A brief and full account of Mr. Tate's and Mr. Brady's New version of the Psalms$92365562 997 $aUNISA LEADER 01747nam0 22003253i 450 001 BVE0346202 005 20251003044058.0 100 $a20040719d1989 ||||0itac50 ba 101 | $aita 102 $ait 181 1$6z01$ai $bxxxe 182 1$6z01$an 200 1 $aCalcolo commerciale$fPaolo Emilio Cassandro 205 $a12. ed. aggiornata 210 $aBari$cCacucci$d1989 215 $a244 p.$d25 cm. 606 $aCalcolo commerciale$2FIR$3CFIC000467$9I 676 $a332.0151$9ECONOMIA FINANZIARIA.Principi matematici$v21 696 $aAritmetica commerciale 699 $aCalcolo commerciale$yAritmetica commerciale 700 1$aCassandro$b, Paolo Emilio$3CFIV007896$4070$0112992 801 3$aIT$bIT-000000$c20040719 850 $aIT-BN0095 901 $bNAP 01$cLT $n$ 901 $bNAP 01$cPOZZO LIB.$nVi sono collocati fondi di economia, periodici di ingegneria e scienze, periodici di economia e statistica e altri fondi comprendenti documenti di economia pervenuti in dono. 912 $aBVE0346202 950 0$aBiblioteca Centralizzata di Ateneo$d 01LT (AR) 3 B 508$e 01AR 0070035085 VMA 1 v.$fY $h20140128$i20140128$d 01LT (AR) 3 B 509$e 01AR 0070035095 VMA (bis 1 v. (2. copia)$fB $h20140128$i20140128$b1 v. in due copie$c1 v.$d 01POZZO LIB.DONI DEMM 546$e 01 0000093705E VMA 1 v.$fB $h20221201$i20231201$b1 v. in due copie$c1 v.$d 01POZZO LIB.ECON MON 9647$e 0101 0000097355E VMA 1 v. (precedente collocazione: GUERRAZZI C 210)$fB $h20080305$i20080305 977 $a 01 996 $aCalcolo commerciale$947227 997 $aUNISANNIO